| 000 | 01398cam a2200349 a 4500 | ||
|---|---|---|---|
| 001 | EDZ0000063881 | ||
| 003 | StDuBDS | ||
| 005 | 20161031105105.0 | ||
| 006 | m||||||||d|||||||| | ||
| 007 | cr ||||||||||| | ||
| 008 | 120326s1998 enk fo| 001|0|eng d | ||
| 020 |
_a9781446217894 (ebook) : _cNo price |
||
| 040 |
_aStDuBDS _beng _cStDuBDS _epn |
||
| 049 | _aAlfaisal Main Library | ||
| 050 | 0 |
_aRC481 _b.B37 1998 |
|
| 082 | 0 | 4 |
_a616.8914 _223 |
| 100 | 1 | _aBarrett-Lennard, Godfrey T. | |
| 245 | 1 | 0 |
_aCarl Rogers' helping system _h[electronic resource] : _bjourney and substance / _cGodfrey T. Barrett-Leonard. |
| 260 |
_aLondon : _bSAGE, _c1998. |
||
| 300 | _a1 online resource (xi, 415 p.) | ||
| 504 | _aIncludes bibliographical references and index. | ||
| 520 | 8 | _aIn this guide to a person-centred therapy from its earliest beginnings to the present day, the author charts its origin and development, its central concepts and the key figures within the movement. | |
| 521 | _aSpecialized. | ||
| 588 | _aDescription based on print version record. | ||
| 600 | 1 | 0 |
_aRogers, Carl R. _q(Carl Ransom), _d1902-1987. |
| 650 | 0 | _aPsychotherapy. | |
| 655 | 7 |
_aElectronic books. _2local |
|
| 710 | 2 | _aSage eBooks | |
| 776 | 0 | 8 |
_iPrint version : _z9780761956778 |
| 856 | 4 | 0 | _uhttp://ezproxy.alfaisal.edu/login?url=http://sk.sagepub.com/books/carl-rogers-helping-system |
| 942 |
_2lcc _cEBOOKS |
||
| 999 |
_c479144 _d479144 |
||